| 000 | 02418cam a2200313Ii 4500 | ||
|---|---|---|---|
| 001 | 9781315213699 | ||
| 008 | 180706s2017 nyu o 000 0 eng d | ||
| 020 |
_a9781315213699 _q(e-book : PDF) |
||
| 020 |
_a9781351819343 _q(e-book: Mobi) |
||
| 020 |
_z9780415789813 _q(paperback) |
||
| 020 |
_z9780415789820 _q(hardback) |
||
| 024 |
_a10.4324/9781315213699 _2doi |
||
| 035 | _a(OCoLC)994551184 | ||
| 050 |
_aK4025 _b.S63 2017 |
||
| 082 |
_a343.0932 _bS735 |
||
| 100 |
_aSpanjaart, Michiel, _eauthor. |
||
| 245 |
_aMultimodal transport law / _cMichiel Spanjaart. |
||
| 260 |
_aNew York : _bRoutledge, _c2017. |
||
| 300 | _a1 online resource (ccxcviii, 8 pages) | ||
| 505 | _achapter 1 Introduction -- chapter 2 Contracts of carriage -- chapter 3 Transport documents -- chapter 4 The parties to the contract of carriage -- chapter 5 International conventions on the carriage of goods -- chapter 6 Multimodal situations governed by unimodal conventions -- chapter 7 The law applicable in the absence of a mandatory convention -- chapter 8 The rules applicable to the individual legs of multimodal contracts of carriage -- chapter 9 The Rotterdam Rules. | ||
| 520 | _a"An accessible introduction to multimodal contracts of carriage, Multimodal Transport Law works from general principles toward specific, technical problems. Adopting an international (comparative) approach to multimodal contract law it addresses such key topics as:Contracts of carriageTransport documentsThe parties to a contract of carriageInternational conventions on the carriage of goodsMultimodal situations covered by unimodal conventionsConflict of lawsThe rules applicable to the individual legs of multimodal contracts of carriageThe Rotterdam RulesProviding a close examination of the relevant conventions, this is essential reading for law students, useful for claims handlers and practitioners, and of interest for academics and legislators seeking a better appreciation of multimodal contracts of carriage. "--Provided by publisher. | ||
| 630 |
_aRotterdam Rules _d(2008) |
||
| 650 |
_aTransportation _xLaw and legislation. |
||
| 650 |
_aShipment of goods _xLaw and legislation. |
||
| 650 | _aContracts, Maritime. | ||
| 650 |
_aTransportation, Automotive _xLaw and legislation. |
||
| 776 |
_iPrint version: _z9780415789820 _w(DLC) 2017015286 |
||
| 856 |
_uhttps://www.taylorfrancis.com/books/9781315213699 _zClick here to view. |
||
| 999 |
_c12705 _d12705 |
||